Statističeskije igry i ich primenenije
Gespeichert in:
| 1. Verfasser: | |
|---|---|
| Format: | Buch |
| Sprache: | Russisch |
| Veröffentlicht: |
Moskva :
Statistika,
1975
|
| Ausgabe: | Z pol. orig. G.Z.Bavidovič |
| Tags: |
Keine Tags, Fügen Sie das erste Tag hinzu!
|
MARC
| LEADER | 00000nam a22000003a 4500 | ||
|---|---|---|---|
| 001 | stu200312 | ||
| 005 | 20150617230110.4 | ||
| 008 | 100302s1975----xxr-----------------rus-d | ||
| 040 | |a STU |b slo | ||
| 041 | 0 | |a rus | |
| 044 | |a xxr | ||
| 080 | |a 517 |7 stu_us_auth*stu8334 | ||
| 100 | 1 | |a Greň, Jerzy |4 aut | |
| 245 | 1 | |a Statističeskije igry i ich primenenije | |
| 250 | |a Z pol. orig. G.Z.Bavidovič | ||
| 260 | |a Moskva : |b Statistika, |c 1975 | ||
| 300 | |a 174 s | ||
| 996 | |b E37964 |c E*37964 |l EE03 |s P |a 0 |w stu200312_0001 | ||